Macroeconomía avanzada (Registro nro. 4388)
[ vista simple ]
| 000 -LEADER | |
|---|---|
| fixed length control field | 01206 a2200241 4500 |
| 001 - CONTROL NUMBER | |
| control field | 47497 |
| 005 - DATE AND TIME OF LATEST TRANSACTION | |
| control field | 20260407155742.0 |
| 008 - FIXED-LENGTH DATA ELEMENTS--GENERAL INFORMATION | |
| fixed length control field | 260407a2006 arg spa d |
| 003 - CONTROL NUMBER IDENTIFIER | |
| control field | AR-UNSa-BCEJYS |
| 040 ## - CATALOGING SOURCE | |
| Original cataloging agency | AR-UNSa-BCEJYS |
| Language of cataloging | spa |
| Transcribing agency | AR-UNSa-BCEJYS |
| 080 ## - UNIVERSAL DECIMAL CLASSIFICATION NUMBER | |
| Universal Decimal Classification number | 330.101.541 |
| Common auxiliary subdivision | Macroeconomía |
| 020 ## - INTERNATIONAL STANDARD BOOK NUMBER | |
| International Standard Book Number | 978-84-481-4809-6 |
| 100 1# - MAIN ENTRY--PERSONAL NAME | |
| Personal name | Romer, David |
| 245 10 - TITLE STATEMENT | |
| Title | Macroeconomía avanzada |
| 250 ## - EDITION STATEMENT | |
| Edition statement | 3a.ed. |
| 264 #1 - PRODUCTION, PUBLICATION, DISTRIBUTION, MANUFACTURE, AND COPYRIGHT NOTICE | |
| Place of production, publication, distribution, manufacture | España : |
| Name of producer, publisher, distributor, manufacturer | McGraw-Hill Interamericana |
| Date of production, publication, distribution, manufacture, or copyright notice | 2006 |
| 300 ## - PHYSICAL DESCRIPTION | |
| Extent | 690 p. |
| Dimensions | 24 cm. |
| 505 ## - FORMATTED CONTENTS NOTE | |
| Formatted contents note | 1. Modelo de crecimiento de Solow - 2. Modelos de horizonte temporal infinito y de generaciones solapadas - 3. La nueva teoría del crecimiento - 4. La teoría del ciclo económico real - 5. Las teorías tradicionales keynesianas sobre las fluctuaciones económicas - 6. Fundamentos microeconómicos del ajuste nominal incompleto - 7. El consumo - 8. La inversión - 9. El desempleo - 10. La inflación y la política monetaria - 11. El déficit presupuestario y la política fiscal - |
| 590 ## - LOCAL NOTE (RLIN) | |
| Local note | niveau_biblio:m niveau_hierar:0 |
| 700 1# - ADDED ENTRY--PERSONAL NAME | |
| Personal name | Trinidad, Gloria |
| 856 41 - ELECTRONIC LOCATION AND ACCESS | |
| Uniform Resource Identifier | <a href="https://www.biblioeco.unsa.edu.ar/pmb/images/libros/L127531.jpg">https://www.biblioeco.unsa.edu.ar/pmb/images/libros/L127531.jpg</a> |
| Link text | Imagen de portada |
| Electronic format type | image/jpeg |
| 942 ## - ADDED ENTRY ELEMENTS (KOHA) | |
| Koha item type | |
| Withdrawn status | Lost status | Damaged status | Not for loan | Home library | Current library | Shelving location | Date acquired | Total checkouts | Full call number | Barcode | Date last seen | Price effective from | Koha item type |
|---|---|---|---|---|---|---|---|---|---|---|---|---|---|
| Biblioteca Prof. Eusebio Cleto del Rey | Biblioteca Prof. Eusebio Cleto del Rey | 07/04/2026 | 330.101.541 R763 3ed. | L127531 | 07/04/2026 | 07/04/2026 | Libro | ||||||
| Biblioteca Prof. Eusebio Cleto del Rey | Biblioteca Prof. Eusebio Cleto del Rey | 07/04/2026 | 330.101.541 R763 3ed. | L128225 | 07/04/2026 | 07/04/2026 | Libro |